| 000 | 00626nam a2200265Ia 4500 | ||
|---|---|---|---|
| 008 | 181129s9999 xx 000 0 und d | ||
| 020 | _a9780439852104 | ||
| 050 | _bB192 2010 | ||
| 100 | _aBalliett, Blue | ||
| 245 | 4 | _aThe danger box / | |
| 245 | 0 | _cby Blue Balliett. | |
| 260 | _aNew York, NY : | ||
| 260 | _bScholastic, | ||
| 260 | _c2010 | ||
| 300 | _a306 pages : | ||
| 300 | _billustrations ; | ||
| 300 | _c19cm. | ||
| 500 | _a750L | ||
| 650 | _aAntiques. | ||
| 650 | _aDiaries. | ||
| 650 | _aFamilies. | ||
| 650 | _aGrandparents. | ||
| 650 | _aPeople with visual disabilities. | ||
| 700 | _aTitle. | ||
| 999 |
_c360057 _d360057 |
||